Our watchword and song : (Record no. 36041)
[ view plain ]
| 000 -LEADER | |
|---|---|
| fixed length control field | 01865nam a2200205 4500 |
| 008 - FIXED-LENGTH DATA ELEMENTS--GENERAL INFORMATION | |
| fixed length control field | 120417s2009 mou b 000 0 eng |
| 020 ## - INTERNATIONAL STANDARD BOOK NUMBER | |
| International Standard Book Number | 9780834124448 :gift from the editor |
| 090 ## - LOCALLY ASSIGNED LC-TYPE CALL NUMBER (OCLC); LOCAL CALL NUMBER (OCLC) | |
| Classification number (OCLC) (R) ; Classification number, CALL (RLIN) (NR) | BX8699.N33 |
| Local cutter number (OCLC) ; Book number/undivided call number, CALL (RLIN) | In4c |
| -- | 2009 |
| 100 1# - MAIN ENTRY--PERSONAL NAME | |
| Personal name | Ingersol, Stan. |
| 245 10 - TITLE STATEMENT | |
| Title | Our watchword and song : |
| Remainder of title | the centennial history of the Church of the Nazarene / |
| Statement of responsibility, etc | Floyd T. Cunningham, editor ; [authors], Stan Ingersol, Harold E. Raser, David P. Whitelaw. |
| 260 ## - PUBLICATION, DISTRIBUTION, ETC. (IMPRINT) | |
| Place of publication, distribution, etc | Kansas City, Mo. : |
| Name of publisher, distributor, etc | Beacon Hill Press of Kansas City, |
| Date of publication, distribution, etc | c2009. |
| 300 ## - PHYSICAL DESCRIPTION | |
| Extent | 733 p. ; |
| Dimensions | 23 cm. |
| 504 ## - BIBLIOGRAPHY, ETC. NOTE | |
| Bibliography, etc | Includes bibliographical references (p. 629-733). |
| 505 0# - FORMATTED CONTENTS NOTE | |
| Formatted contents note | Introduction -- The Wesleyan heritage -- The nineteenth-century holiness movement -- Nazarene beginnings : the eastern stream -- Nazarene beginnings : the western stream -- Nazarene beginnings : the southern streams -- Union -- Nazarene beginnings : early accessions -- The spirit and the structure of the church -- Nazarenes and society -- Nazarene responses to their mission -- Forging community -- Shaping the Nazarene mind -- Shaping the Nazarene mind : higher education -- Adapting to a world in crisis -- Administering the church -- Nazarenes in the broader world -- The church evangelizing -- Behavioral boundaries -- Worshipping and discipling in local churches -- Discipling through Christian education -- Educating young people at Nazarene colleges -- The intellectual life of the church -- Analysis -- Leaders and languages -- Crossing boundaries -- The church between gospel and culture -- Outreach : evangelism and compassion -- Local churches and congregations -- The Nazarene mind. |
| 610 24 - SUBJECT ADDED ENTRY--CORPORATE NAME | |
| Corporate name or jurisdiction name as entry element | Church of the Nazarene |
| General subdivision | History. |
| 700 1# - ADDED ENTRY--PERSONAL NAME | |
| Personal name | Cunningham, Floyd Timothy. |
| 700 1# - ADDED ENTRY--PERSONAL NAME | |
| Personal name | Raser, Harold E., |
| Dates associated with a name | 1947- |
| 700 1# - ADDED ENTRY--PERSONAL NAME | |
| Personal name | Whitelaw, D. P. |
| Fuller form of name | (David P.) |
| 951 ## - EQUIVALENCE OR CROSS-REFERENCE-GEOGRAPHIC NAME/AREA NAME [OBSOLETE] [CAN/MARC only] | |
| -- | 35027 |
| -- | BX8699.N33/In4c/2009 |
| -- | 120417165530390 |
| -- | 2000-12-21 |
| -- | GC |
| Withdrawn status | Lost status | Source of classification or shelving scheme | Damaged status | Not for loan | Home library | Current library | Shelving location | Date acquired | Accession number | Total Checkouts | Full call number | Barcode | Date last seen | Price effective from | Koha item type |
|---|---|---|---|---|---|---|---|---|---|---|---|---|---|---|---|
| Library of Congress Classification | BSOP Library | BSOP Library | GC | 01/10/2012 | 35027 | BX8699.N33/In4c/2009 | 00041624 | 02/23/2013 | 02/23/2013 | Books |
